Movies by Picture - Y - Statistics

General Stats
  • This quiz has been taken 36 times
  • The average score is 5 of 16
Answer Stats
Picture Answer % Correct
You've Got Mail
62%
Yellow Submarine
56%
Young Sherlock Holmes
53%
Yentl
50%
Young Frankenstein
50%
You Only Live Twice
47%
Yesterday
35%
Yes Man
26%
Your Name.
26%
Yojimbo
18%
You Can't Take It with You
9%
Youth
9%
The Young Girls of Rochefort
6%
Yi Yi
3%
You Were Never Really Here
3%
Y Tu Mamá También
3%
No matching quizzes found
Score Distribution
Percent of People with Each Score
Percentile by Number Answered
Your Score History
You have not taken this quiz